00841cam a2200253 a 4500001001000000003000900010005001700019007000300036008003600039020001500075040002500090082002400115100004800139245005500187260006200242300002000304490001500324650003800339650004300377830002300420942001400443952011500457999001500572000005926DO-SdBNP20210928095547.0ta940617s 1993 sp 001 0 spa  a8480480165 aDO-SdBNPcspabBNPHU 4aBNPHU 862.64bA454p1 aAlonso Millán, Juan José,d1936-91671210aPasarse de la raya /cJuan José Alonso Millán. aMadrid :bSociedad General de Autores de España,c1993. a87 p. ;c23 cm.1 aTeatrov1114aTeatro españolySiglo XX91671014aLiteratura españolaySiglo XX916711 0aTeatro ;v1195617 2ddccLBS1 00102ddc718MOaBNPHUbPDcHDd2009-08-24iLF1l0oBNPHU PD 862.64 A454pp5926-10r2020-06-25w2020-06-25y2 c5722d5722